| 000 | 00706nam a2200253Ia 4500 | ||
|---|---|---|---|
| 008 | 170203s9999 xx 000 0 und d | ||
| 020 | _a0-721408869 | ||
| 050 | _aFic | ||
| 050 | _bC712k | ||
| 100 | _aCollins, Joan. | ||
| 245 | _aKing Arthur and the knights of the Round Table / | ||
| 245 | _cwritten by Joan Collins ; illustrated by Amlcolm Stokes. | ||
| 260 | _aLoughborough : | ||
| 260 | _bLadybird, | ||
| 260 | _c1986 | ||
| 300 | _a43 pages : | ||
| 300 | _bcolor illustrations : | ||
| 300 | _c18 cm. | ||
| 440 | _aMyths, fables and legends ; | ||
| 440 | _vno. 740 | ||
| 650 | _aChildren's stories in English -- 1945- -- | ||
| 650 | _xTexts. | ||
| 700 | _aStokes, Malcolm, ill. | ||
| 999 |
_c306642 _d306642 |
||